Top 10 des transferts les plus chers de l'histoire. - Statistiques

Statistiques générales
  • Ce quiz a été pris 122 fois
  • Le résultat moyen est 5 sur 10
Statistiques - réponses
Hint Réponse % Correct
1 Neymar
94%
2 Mbappé
90%
3 Ousmane Dembélé
48%
4 Philippe Coutinho
47%
9 Cristiano Ronaldo
45%
7 Antoine Griezmann
31%
5 Joao Félix
31%
8 Jack Grealish
25%
10 Romelu Lukaku
22%
6 Enzo Fernandez
21%
Aucun quiz correspondant
Distribution des résultats
% des personnes avec chaque résultat
Percentile par nombre de réponses
Votre historique - résultats
Vous n’avez pas pris ce quiz